Statistics for Undertale Questions

Click here to take the quiz!

General Stats

  • This quiz has been taken 108 times
  • The average score is 13 of 15

Answer Stats

Question/StatementAnswer% Correct
You are filled with-Determination
99%
Who is Alphys in love with?undyne
96%
Asgore is the father of?Asriel
94%
Who was the best friend of Asgore's Son?Chara
94%
another form of undyne is undyne the-? (eg. Another form of Mettaton is Mettaton-EX)undying
88%
Who is the previous scientist before Alphys?Gaster
88%
Who wants to be a teacher?Toriel
88%
Who would allow the name "Papyru"?Papyrus
86%
Sans is a-(eg. Ariel is a mermaid)Skeleton
86%
Mettaton's cousin is?Napstablook
84%
Who is....CUTE!!!Temmie
82%
What does LOVE stand for?Level of Violence
81%
Is Asgore's Wife cunning or caring (most of the time)?caring
80%
What does Alphys work as?Scientist
76%
What monster am I thinking of? (hint: Major Character, not mentioned in any questions/statements)Flowey
63%

Score Distribution

Percentile by Number Answered

Percent of People with Each Score

Your Score History

You have not taken this quiz